000
00332nam a2200133Ia 4500
008
100328s9999 xx 000 0 und d
082
_b
45240
100
_a
दिघे प्रभाकर
245
_a
तिमिर
260
_b
सुयोग
630
_a
तिमिर
730
_a
तिमिर
942
_c
BOOK
999
_c
533410
_d
533407